<?xml version="1.0" encoding="UTF-8"?><?xml-stylesheet type="text/xsl" href="static/style.xsl"?><OAI-PMH xmlns="http://www.openarchives.org/OAI/2.0/" xmlns:xsi="http://www.w3.org/2001/XMLSchema-instance" xsi:schemaLocation="http://www.openarchives.org/OAI/2.0/ http://www.openarchives.org/OAI/2.0/OAI-PMH.xsd"><responseDate>2026-06-04T12:48:34Z</responseDate><request verb="GetRecord" identifier="oai:riuma.uma.es:10630/16979" metadataPrefix="marc">https://riuma.uma.es/rest/oai/request</request><GetRecord><record><header><identifier>oai:riuma.uma.es:10630/16979</identifier><datestamp>2026-02-03T10:25:03Z</datestamp><setSpec>com_10630_1685</setSpec><setSpec>col_10630_38055</setSpec></header><metadata><record xmlns="http://www.loc.gov/MARC21/slim" xmlns:dcterms="http://purl.org/dc/terms/" xmlns:doc="http://www.lyncode.com/xoai" xmlns:xsi="http://www.w3.org/2001/XMLSchema-instance" xsi:schemaLocation="http://www.loc.gov/MARC21/slim http://www.loc.gov/standards/marcxml/schema/MARC21slim.xsd">
   <leader>00925njm 22002777a 4500</leader>
   <datafield ind2=" " ind1=" " tag="042">
      <subfield code="a">dc</subfield>
   </datafield>
   <datafield ind2=" " ind1=" " tag="720">
      <subfield code="a">García-López, Adrián</subfield>
      <subfield code="e">author</subfield>
   </datafield>
   <datafield ind2=" " ind1=" " tag="260">
      <subfield code="c">2018-11-28</subfield>
   </datafield>
   <datafield ind2=" " ind1=" " tag="520">
      <subfield code="a">El procesamiento de eventos complejos (CEP, por sus siglas en inglés: Complex Event&#xd;
Processing), está ganando aceptación en los entornos distribuidos de tiempo real, al proporcionar&#xd;
una forma rápida y eficiente de correlacionar e inferir conclusiones sobre eventos&#xd;
que ocurren en tiempo real. Esta tecnología tiene un amplio campo de aplicación como&#xd;
pueden ser el Internet de las Cosas (IoT), monitorización de sistemas o alerta de situaciones&#xd;
de riesgo en infraestructuras sanitarias, entre otras. La característica más importante&#xd;
de estos tipos de programas, es la capacidad de expresar patrones de sucesos sobre los&#xd;
eventos, mediante la definición de reglas. La especificación de estos tipos de patrones se&#xd;
realiza utilizando lenguajes de procesamiento de eventos como Esper, el cual ha sido utilizado&#xd;
en este proyecto. Es muy importante la correcta especificación de estos patrones ya&#xd;
que de ellos depende el correcto funcionamiento del sistema.&#xd;
Con tal fin, se ha desarrollado una herramienta capaz de analizar dos propiedades que&#xd;
pueden comprobarse estáticamente en las especificación de los programas CEP basados&#xd;
en reglas: la aciclicidad de las dependencias entre reglas y las condiciones de carrera entre&#xd;
reglas. Ambas características tienen que lidiar con el carácter no determinista de los&#xd;
sistemas basados en reglas.&#xd;
Para el desarrollo de esta herramienta se ha utilizado un enfoque MDSE (Model-Driven&#xd;
Software Engineering). Más concretamente, se ha desarrollado un plug-in capaz de reconocer&#xd;
el lenguaje Esper y obtener como salida una representación en forma de grafo dirigido&#xd;
para la visualización de los resultados del análisis.</subfield>
   </datafield>
   <datafield ind1="8" ind2=" " tag="024">
      <subfield code="a">https://hdl.handle.net/10630/16979</subfield>
   </datafield>
   <datafield tag="653" ind2=" " ind1=" ">
      <subfield code="a">Ingeniería del software</subfield>
   </datafield>
   <datafield tag="653" ind2=" " ind1=" ">
      <subfield code="a">Informática - Trabajos Fin de Grado</subfield>
   </datafield>
   <datafield tag="653" ind2=" " ind1=" ">
      <subfield code="a">Grado en Ingeniería del Software - Trabajos Fin de Grado</subfield>
   </datafield>
   <datafield ind2="0" ind1="0" tag="245">
      <subfield code="a">Análisis de Programas de Procesamiento de Eventos Complejos</subfield>
   </datafield>
</record>
</metadata></record></GetRecord></OAI-PMH>